| 000 | 00351 a2200133 4500 | ||
|---|---|---|---|
| 999 |
_c321496 _d321496 |
||
| 001 | 86423 | ||
| 003 | NUST | ||
| 005 | 20180122134634.0 | ||
| 008 | 180122b xxu||||| |||| 00| 0 eng d | ||
| 020 | _a9781847922007 | ||
| 082 | _a363.32516092 BER | ||
| 100 |
_aBergen, Peter _99481 |
||
| 245 |
_aManhunt, From 9/11 to Abbottabad _cBergen, Peter _hEnglish |
||
| 260 |
_aLondon _bBodley Head _c2012 |
||
| 300 | _axxi+360p. | ||
| 942 |
_aAHQ _cBK _k363.32516092 BER _2ddc |
||